| 000 | 01864cam a2200289 i 4500 | ||
|---|---|---|---|
| 999 |
_c13011 _d13011 |
||
| 001 | 18226532 | ||
| 005 | 20190131101855.0 | ||
| 008 | 140715t20152015nyua b 001 0 eng | ||
| 010 | _a 2014027462 | ||
| 020 | _a9780393936728 (pbk. : alk. paper) | ||
| 020 | _a0393936724 (pbk. : alk. paper) | ||
| 040 |
_aDLC _beng _cDLC _erda _dDLC |
||
| 042 | _apcc | ||
| 050 | 0 | 0 |
_aQH308.2.D57 2015 _b.D57 2015 |
| 082 | 0 | 0 | _223 |
| 100 | 1 |
_aSingh-Cundy Anu _eauthor. |
|
| 245 | 1 | 0 |
_aDiscover biology. _cAnu Singh Cundy , Gary Shin |
| 250 |
_aSixth edition / _bAnu Singh-Cundy, Western Washington University, Gary Shin, California State University, Long Beach. |
||
| 300 |
_axxiv,807p; _bill,[some col] _c28cm. |
||
| 504 | _aIncludes bibliographical references and index. | ||
| 505 | 0 | _aThe nature of Science and the characteristics of life -- Unit 1. Cells: the basic units of life. The chemistry of life -- Cell structure and internal compartments -- Cell membranes, transport, and communication -- Energy, metabolism, and enzymes -- Photosynthesis and cellular respiration -- Cell division -- Cancer and human health -- Unit 2. Genetics. Patterns of inheritance -- Chromosomes and human genetics -- DNA and genes -- From gene to protein -- DNA technology -- Unit 3. Evolution. How evolution works -- The origins of species -- The evolutionary history of life -- Bacteria, archaea, and viruses -- Protista, plantae, and fungi -- Animalia -- Unit 4. The biosphere. Growth of populations -- Animal behavior -- Ecological communities -- Ecosystems -- Global change. | |
| 650 | 0 |
_aBiology _vTextbooks. |
|
| 700 | 1 |
_aShin, Gary, _eauthor. |
|
| 906 |
_a7 _bcbc _corignew _d1 _eecip _f20 _gy-gencatlg |
||
| 942 |
_2lcc _cBOOKS _hQH308.2.D57 2015 _01 |
||